000 005260000a22001810004500
003 MACL
005 20160302161231.0
008 160302b xxu||||| |||| 00| 0 eng d
040 _aMACL
_cMACL
041 _aHindi
082 _a891.431
100 _aराजीव सक्‍सेना
_942181
245 _aकविता कवितान्‍तर
260 _bजयश्री प्रकाशन
_c1984
_aदिल्‍ली
350 _a25
650 _aPoetry
_942182
942 _cHIN
_k891.431
_2ddc
999 _c28325
_d28325